00846 a2200217 4500003000500000005001700005010001600022020001500038040000900053082001600062100002500078245004100103260007700144300004000221505008300261650003900344856008900383942001200472999001900484952012500503Nust20230316130420.0 a 93014884 a0679730826 cNust00a355.009,KEE1 aKeegan, John,94858912aA history of warfare /cJohn Keegan. aNew York :bAlfred A. Knopf :bDistributed by Random House, Inc.,c1993. axvi, 432 p. :bill., maps ;c25 cm. aWar in Human History (Page-1) Stone (Page-77) Iron (Page-235) Fire (Page-317). 0aMilitary art and sciencexHistory.423Publisher descriptionuhttp://www.loc.gov/catdir/description/random047/93014884.html 2ddccBK c185063d185063 00102ddc4070aMCSbMCScGENd2016-12-12o355.009,KEEpMCS31985r2016-12-08w2016-12-12yBKzAlmirah No.51, Shelf No.3